Qui a dit ? (Rap français) - Statistiques

Statistiques générales
  • Ce quiz a été pris 221 fois
  • Le résultat moyen est 3 sur 15
Statistiques - réponses
Hint Réponse % Correct
J'pourrais t'aimer toute ma vie, même si tu fais trop mal au crâneC'est comme une maladie, sans vraiment savoir où j'ai mal Et tes copines veulent tout gâcher (gâcher) à chercher mes erreurs Ninho
82%
Venu extraire Excalibur de son enclumeEn 6.45 je suis l' bitume avec une plume Tout commence dans la cour de récréation Booba
68%
Elle voit la taille de mes jouetsÉvidemment qu'j'suis joueur J'ai plus peur d'échouer SCH
61%
Pas d'sourire sur mes lèvres, chaque journée qui se lève Pas sûr de pouvoir donner vie à mes rêves La justice est en grève, j'regarde la planète qui crève Josman
22%
L'histoire commence aux Ulis en 1984 Petit et peace dire que cette ville allait changer ma life J'en suis marqué j'ai débarqué un soir d'hiver Sinik
19%
Gloire à l'art de rueJusqu'au bout art de rue Ambiance scandale, danses de vandales Fonky family
13%
Oh, qu'est-ce t'as à m'regarderQui, moi Toujours vif, comme au premier jour de cours Où tour à tour les mecs te matent, claque pas des genoux Shurik’n
11%
J'te respecte pas, je te tolère, drip, brr, polaireIls m'ont mis en colère J'suis pas en feu, j'suis en éruption solaire Caballero
10%
Un peu trop fan de Hennessy, il buvait tout son RSAY'avait beaucoup de haine ici mais moins quand il était plus là Une main de fer, une gueule de bois Lorenzo
10%
Ya-Ya-YasserJ'suis dans la rue, la street en plein du cœur du trafic J'fonce récupérer le truc direct dans la fabrique On fait affaires même si t'as fait l'hôpital psychiatrique Heuss l’enfoiré
7%
J'ai quelques frérots dans les starting blocksQui font du bénéf' grâce aux stars qui s'droguent J'ai quelques frérots dans les starting blocks Limsa d’aulnay
7%
Pourquoi le ciel est bleu, pourquoi l'on vit mieux à deuxPourquoi l'argent et le pouvoir rend des amis dangereux La jalousie, l'hypocrisie, quand elle choisit son camp, fout l'camp, fout l'camp Bustaflex
5%
Ici à midi pétante, c'est Martini, pétanqueYah, on fait du biff, on décampe J'habite Wisteria Lane mais ma voisine c'est Virginie Despentes Seth gueko
5%
Cherche pas à connaitre ma botte secrète Des blocs de zet' et l'Essonne te baise J'ai la bonne recette Alkpote
3%
Certaines blessures sont si profondes qu'aucun toubib pourra m'soignerJ'vais pas rester à me morfondre en regardant mes proches s’éloigner Comme d'habitude j'viens témoigner d'une attitude irresponsable TSR Crew
1%
Aucun quiz correspondant
Distribution des résultats
% des personnes avec chaque résultat
Percentile par nombre de réponses
Votre historique - résultats
Vous n’avez pas pris ce quiz